1918 1022 1888 1753 1346 1660 1771 1354 1142 1555 1907 1783 1931 1051 1915 1588 1050 1655 1829 1959 1027 1122 1939 1987 1652 1280 1960 1731 1463 1041 1302 1209 1240 1290 1271 1244 1868 1098 1843 1887 1625 1052 1229 1474 1566 1069 1146 1221 1143 1456 1760 1714 1065 1434 1897 1402 1487 1106 1237 1409 1097 1672 1758 1630 1404 1315 1786 1792 1841 1760 1546 1259 1616 1750 1947 1656 1637 1286 1220 1295 1003 1788 1640 1641 1804 1218 1562 1382 1842 1030 1291 1832 1013 1323 1034 1858 1228 1827 1223 BCNSPRNW ULIB Ver.6.0+V

เปลี่ยนเป็นภาษาไทย

Change to English
 แสดงรายละเอียดบรรณานุกรม
  กลับหน้าหลัก

Brief Record : Get Marc (ISO 2709) : E-mail record : QR code < ปิดหน้าต่าง
LEADER : 00000nam 2200000uu 4500
001    13399113208
003     ULIB
008    110929s2552||||th 000 0 tha d
020    9789744899712
050 04 QA76.76^bพ533อ 2552
100 0  พันจันทร์ ธนวัฒนเสถียร
245 10 ออกแบบและสร้างเว็บสวยด้วย Dreamweaver CS4 /^cพันจันทร์ ธนวัฒนเสถียร
260    กรุงเทพฯ :^bซัคเซส มีเดีย,^c2552
300    3341 หน้า :^bภาพประกอบ +^eซีดีรอม 1 แผ่น
650  7 Web Sites^xDesign
650  7 Macromedia Dreamweaver (Computer file)
650  7 Web Sites^xAuthoring programs
650  7 ดรีมวีเวอร์
650  7 โปรแกรมคอมพิวเตอร์
650  7 เว็บไซต์
945    ^p199^l0^i027342
995    ทศพร
999 ^a ทศพร
รายการนี้ยังไม่มีแท็ก
คุณยังไม่ได้ล็อกอิน คุณสามารถมีกิจกรรมร่วมกับเว็บไซต์ได้ แต่ต้องล็อกอินก่อน ::
  ล็อกอิน

รายการสื่อสารสนเทศ

ลำดับที่ ประเภท เลขเรียก/บาร์โค้ด สถานที่ สถานะ
- ไม่พบข้อมูล -

รายการใกล้เคียง
    ผู้แต่ง [พันจันทร์ ธนวัฒนเสถียร]

    หัวเรื่อง [Macromedia Dreamweaver (Computer file)]
    หัวเรื่อง [ดรีมวีเวอร์]
    หัวเรื่อง [โปรแกรมคอมพิวเตอร์]
    หัวเรื่อง [เว็บไซต์]

BibComment


ยังไม่เคยถูกคอมเมนท์

คอมเมนท์ทรัพยากรรายการนี้
  คอมเมนท์: ออกแบบและสร้างเว็..


 Copyright 2026. Bcnsprnw @Library